30 cidades mais populosas do Japão - Statistics

Estatísticas Gerais
  • Esse quiz foi jogado 22 vezes
  • A pontuação média é 12 de 30
Estatísticas das Respostas
# População Letra Cidade % Correto
1 13.704.569 T Tóquio
100%
3 2.640.702 O Osaka
93%
4 2.253.979 N Nagóia
87%
7 1.467.461 Q Quioto
87%
2 3.676.188 Y Yokohama
80%
11 1.169.894 H Hiroshima
73%
5 1.914.631 S Sapporo
67%
8 1.445.257 F Fukuoka
60%
17 825.678 N Niigata
40%
10 1.227.365 S Saitama
40%
12 1.036.294 S Sendai
40%
6 1.544.215 K Kobe
33%
20 675.792 K Kumamoto
33%
19 691.189 O Okayama
33%
18 695.934 S Shizuoka
33%
14 949.514 C Chiba
27%
15 850.872 H Hamamatsu
27%
22 609.188 K Kagoshima
27%
13 978.665 K Kitakyushu
27%
24 581.528 F Funabashi
20%
23 582.403 H Hachioji
20%
29 483.906 H Himeji
20%
27 492.958 K Kawaguchi
20%
9 1.376.886 K Kawasaki
20%
21 647.056 S Sagamihara
20%
26 511.707 H Higashiosaka
13%
30 477.921 K Kurashiki
13%
25 522.819 M Matsuyama
13%
28 484.863 N Nishinomiya
13%
16 833.688 S Sakai
13%
Nenhum quiz correspondente encontrado
Distribuição das Pontuações
Porcentagem de Pessoas com Cada Pontuação
Percentil de Números Respondidos
Sua Pontuação Histórica
Você não jogou esse quiz